مكتبة جامعة عجلون الوطنية

فهرس بحث المكتبة

Normal view MARC view
  • علي،صباح حميد/غازي فرحان ابو زيتون

Entry Personal Name

Number of records used in: 1

001 - CONTROL NUMBER

  • control field: 29070

003 - CONTROL NUMBER IDENTIFIER

  • control field: JO-AjAnu

005 - DATE AND TIME OF LATEST TRANSACTION

  • control field: 20230606074923.0

008 - FIXED-LENGTH DATA ELEMENTS

  • fixed length control field: 230606|| aca||aabn | a|a d

040 ## - CATALOGING SOURCE

  • Original cataloging agency: JO-AjAnu
  • Transcribing agency: JO-AjAnu

100 ## - HEADING--PERSONAL NAME

  • Personal name: علي،صباح حميد/غازي فرحان ابو زيتون

670 ## - SOURCE DATA FOUND

  • Source citation: Work cat.: (JO-AjAnu)14922: علي،صباح حميد/غازي فرحان ابو زيتون, author, الاتصالات الادارية:اسس ومفاهيم ومراسلات الاعمال=Managerial Communiction:Basics.concepts and business correspondence